Emperor : The gates of Rome

Bibliographic Details
Main Author: Iggulden,Conn
Format: Book
Published: London : HarperCollins Publishers , 2003
Subjects:

MARC

LEADER 00000cam a2200000 7i4500
001 0000008835
005 20070920.0
008 070920
020 |a 0007136900 
090 0 0 |a IGG   |b ENG 
100 1 |a Iggulden,Conn 
245 1 0 |a Emperor :   |b The gates of Rome   |c Conn Iggulden 
260 |a London :   |b HarperCollins Publishers ,   |c 2003 
650 0 |a English fiction 
999 |a 0000992304   |b Book   |c Adult Collection   |e Perbadanan Perpustakaan Awam Johor 
999 |a 0000992305   |b Book   |c Adult Collection   |e Perbadanan Perpustakaan Awam Johor